00941nam a2200205 a 450000100060000000300090000600800410001502000150005604000280007108200190009910000310011824500680014926000310021730000170024850503340026565000290059965000390062865000450066765000230071221601CO-ViMGA141112s2004 ck r 000 u spa d a9586906620 aCO-ViMGAbspacCO-ViMGA04a345.0527 F437d1 aFierro - Mendez, Heliodoro10aDetención y Libertad : bFundamentos Sustantivos y Procesales aBogotá : bLeyer, c2006 a348 P. 22 cm aAspectos sustantivos de la detención y la libertad 13 - - Valorar la gravedad de la conducta, por los motivos determinantes o por la personalidad 47 - - Antecedentes judiciales 136 - - Capacidad criminal, inclinación al delito, impulso criminal 171 - - Aspectos procedimentales de la captura, la detecnión y la libertad 26814aDERECHO PENAL - COLOMBIA14aDETENCION - LEGISLACION - COLOMBIA14aENCARCELAMIENTO - LEGISLACION - COLOMBIA14aLIBERTAL (DERECHO)